| 000 | 01731nam0a22003851 4500 | ||
|---|---|---|---|
| 001 | RU\NLR\A1SV\42455 | ||
| 005 | 20251203171251.9 | ||
| 035 | _a(NLR Aleph) 009724706 | ||
| 090 |
_a9886422 _c9886422 |
||
| 100 | _a20020530d1918 u y0rusy50 ca | ||
| 101 | 1 |
_arus _ceng |
|
| 102 | _aRU | ||
| 200 | 1 |
_aШколы будущего _fПроф. Джон Дюи и Эвелина Дюи _gС англ. Р.Ландсберг _gС предисл. авт. - проф. Колумб. ун-та Джона Дюи и И.Горбунова-Посадова |
|
| 210 |
_aМ. _cТиполит. т-ва И.Н.Кушнерев и К° _d1918 |
||
| 215 |
_a104 с. _d27 см |
||
| 225 |
_aБ-ка свобод. воспитания и образования и защиты детей _fПод ред. И.Горбунова-Посадова _vВып.113 |
||
| 451 | 1 | _1001RU\NLR\A1SV\119884 | |
| 451 | 1 |
_1001RU\NLR\A1SV\42453 _99886414 _aДьюи, Д. (1859-1952) _cМ. _d1922 _fПроф. Джон Дьюи и Эвелина Дьюи _nРаботник просвещения _p152 с. _tШколы будущего |
|
| 451 | 1 | _1001RU\NLR\A1SV\42452 | |
| 620 | _dМосква | ||
| 700 | 1 |
_6z01790 _aДьюи _bД. _f1859-1952 _gДжон _4070 |
|
| 701 | 1 |
_6z02790 _aДьюи _bЭ. _f1889-? _gЭвелина _4070 |
|
| 702 | 1 |
_aЛандсберг _bР. _4070 |
|
| 702 | 1 |
_aГорбунов-Посадов _bИ.И. _f1864-1940 _gИван Иванович _4070 |
|
| 790 | 1 |
_6z01790 _aДюи _bД. _gДжон _4070 |
|
| 790 | 1 |
_6z02702 _aДюи _bЭ. _gЭвелина _4070 |
|
| 801 | 0 |
_aRU _bNLR _c20020530 |
|
| 852 |
_aNLR _j37.62.1.28 |
||
| 899 | _aРКП | ||
| 899 | _aНБУВ | ||
| 899 | _aРГБ | ||
| 942 | _cBOOK | ||
| 980 | _aNB | ||
| 980 | _aA1SV | ||